[Event "Foxwoods op"]
[Site "Connecticut"]
[Date "2001.04.14"]
[Round "5"]
[White "Tate, Emory"]
[Black "Fang, Joseph"]
[Result "0-1"]
[WhiteElo "2379"]
[BlackElo "2319"]

1. e4 e5 2. Nf3 Nc6 3. Bb5 a6 4. Bxc6 dxc6 5. b3 f6 6. d4 exd4 7. Qxd4 Qxd4 8.  Nxd4 Bd7 9. Bb2 O-O-O 10. Nd2 c5 11. Ne2 Re8 12. O-O-O Ne7 13. h4 Ng6 14. h5  Ne5 15. f3 Bd6 16. h6 g6 17. Nc3 Bc6 18. Rde1 Re7 19. f4 Nd7 20. g3 Rhe8 21.  Rhf1 b5 22. Kd1 Nb6 23. g4 b4 24. Ne2 Bxe4 25. Bxf6 Bxc2+ 26. Kxc2 Rxe2 27.  Rxe2 Rxe2 28. Kd3 Rg2 29. g5 Kd7 30. f5 gxf5 31. Rxf5 Ke6 32. Rf3 Nd5 33. Rf1  Rg3+ 34. Ke2 Nf4+ 35. Kd1 Kd5 36. Re1 Ne6 37. Ne4 Rg2 38. a4 Bf4 39. Be7 Kd4  40. Bf6+ Kd5 41. Be7 Nxg5 42. Bxg5 Bxg5 43. Nxg5 Rxg5 44. Re7 Kd4 45. Rxh7 Kc3  46. Rg7 Rh5 47. Rg6 Kxb3 48. Rxa6 Ka2 0-1

[Event "Continental op"]
[Site "Las Vegas"]
[Date "2001.07.29"]
[Round "5"]
[White "Tate, Emory"]
[Black "Mulyar, Michael A"]
[Result "1-0"]
[WhiteElo "2377"]
[BlackElo "2430"]

1. e4 e5 2. Nc3 Nf6 3. g3 Bc5 4. Bg2 d6 5. Na4 Bg4 6. f3 Be6 7. Ne2 Qd7 8. c3  Bh3 9. Bxh3 Qxh3 10. d4 Bb6 11. Kf2 Nc6 12. Bg5 h5 13. Qd3 Qd7 14. Kg2 Ne7 15.  Nxb6 axb6 16. c4 Nh7 17. Bxe7 Qxe7 18. h3 g6 19. Nc3 c6 20. Qe3 Qc7 21. f4 O-O  22. Rad1 exf4 23. gxf4 Rae8 24. Qg3 Kg7 25. Kh2 Qe7 26. Rhe1 h4 27. Qf3 Nf6 28.  Re3 Nh5 29. Ne2 f6 30. f5 Qf7 31. fxg6 Kxg6 32. Rg1+ Kh6 33. Rg4 Rg8 34. Rxh4  Rg5 35. Ng3 Reg8 36. Rxh5+ Rxh5 37. Nxh5 Qxh5 38. Qxf6+ Kh7 39. Qf5+ 1-0

[Event "Continental op"]
[Site "Las Vegas"]
[Date "2001.07.29"]
[Round "6"]
[White "Tate, Emory"]
[Black "Sulskis, Sarunas"]
[Result "0-1"]
[WhiteElo "2377"]
[BlackElo "2573"]

1. e4 e5 2. Nf3 Qe7 3. c4 d6 4. Nc3 c6 5. d4 g6 6. Be2 Bg7 7. Bg5 f6 8. Be3 Nh6  9. h3 O-O 10. Qd2 Nf7 11. g4 Na6 12. d5 Nc7 13. Rg1 cxd5 14. cxd5 Bd7 15. a4  Kh8 16. Bd3 Na6 17. a5 Rac8 18. Ra3 Nc5 19. Bb1 Ng5 20. Nxg5 fxg5 21. b4 Na6  22. Nd1 Bb5 23. Bxg5 Bf6 24. Be3 Bh4 25. Rc3 Ra8 26. Bd3 Bxd3 27. Rxd3 Qd7 28.  Rb3 Rf3 29. Qb2 Rxh3 30. b5 Nc7 31. Ke2 Rf8 32. g5 a6 33. bxa6 Nxa6 34. Rb5 Qf7  35. Qc3 Qf3+ 36. Kd3 Bxf2 37. Rf1 Qxe3+ 38. Nxe3 Rxe3+ 39. Kd2 Rxc3 40. Rxb7  Rh3 0-1

[Event "US op"]
[Site "Boston"]
[Date "2001.08.05"]
[Round "2"]
[White "Tate, Emory"]
[Black "Levina, Anna V"]
[Result "1-0"]
[WhiteElo "2377"]
[BlackElo "2091"]

1. e4 d5 2. exd5 Nf6 3. Nf3 Nxd5 4. Be2 g6 5. d4 Bg7 6. c4 Nb6 7. Be3 O-O 8. h3  Nc6 9. Nc3 e5 10. dxe5 Nxe5 11. Nxe5 Bxe5 12. Qb3 Be6 13. Rd1 Qh4 14. g3 Qe7  15. Nd5 Nxd5 16. cxd5 Bf5 17. h4 Be4 18. O-O c6 19. Bg5 Qc7 20. dxc6 Bxc6 21.  Bf3 Qb6 22. Bxc6 Qxc6 23. Rd3 Rac8 24. Rc1 Qe4 25. Rxc8 Rxc8 26. Rd7 Qe1+ 27.  Kg2 Qe4+ 28. Kh2 Qf5 29. Rd2 b6 30. Qd5 Kg7 31. Be3 Qf6 32. Kg2 Qc6 33. Qxc6  Rxc6 1-0

[Event "Governors Cup op"]
[Site "Sioux Falls"]
[Date "2001.09.22"]
[Round "3"]
[White "Tate, Emory"]
[Black "Adler, Viktor"]
[Result "1-0"]
[WhiteElo "2377"]
[BlackElo "2440"]

1. e4 e5 2. Nf3 Nc6 3. c3 Be7 4. d4 d6 5. d5 Nb8 6. c4 Nf6 7. Nc3 Nbd7 8. Bd3  O-O 9. h3 Nh5 10. Ne2 g6 11. g4 Ng7 12. Rg1 Nc5 13. Bc2 c6 14. Be3 cxd5 15.  cxd5 Qb6 16. Rb1 a5 17. b3 Bd7 18. a3 Qc7 19. h4 Rfc8 20. Qd2 Bb5 21. Ng3 Nd7  22. Bd3 Bxd3 23. Qxd3 Qc2 24. Qxc2 Rxc2 25. Ne2 b5 26. h5 Rac8 27. hxg6 hxg6  28. Kd1 Ra2 29. Rc1 Rxc1+ 30. Bxc1 Nc5 31. Nd2 b4 32. axb4 axb4 33. f3 Ne8 34.  f4 exf4 35. Nxf4 Nf6 36. Re1 Nxg4 37. Re2 Nd3 38. Nxd3 1-0

[Event "North Virginia op"]
[Site "Mt Vernon"]
[Date "2001.11.03"]
[Round "3"]
[White "Tate, Emory"]
[Black "Slack, David R"]
[Result "1/2-1/2"]
[WhiteElo "2377"]
[BlackElo "2073"]

1. e4 c5 2. Nf3 e6 3. d4 cxd4 4. Nxd4 Nc6 5. Nc3 Qc7 6. Ndb5 Qb8 7. f4 a6 8.  Nd4 d6 9. Be3 Nf6 10. Qf3 Be7 11. O-O-O Nxd4 12. Rxd4 b5 13. Kb1 O-O 14. f5 Nd7  15. g4 Bf6 16. g5 Bxd4 17. Bxd4 b4 18. Nd1 exf5 19. exf5 Bb7 20. Qh5 Bxh1 21.  Bxg7 1/2-1/2

[Event "North Virginia op"]
[Site "Mt Vernon"]
[Date "2001.11.04"]
[Round "6"]
[White "Tate, Emory"]
[Black "Sevillano, Enrico"]
[Result "1-0"]
[WhiteElo "2377"]
[BlackElo "2462"]

1. c4 e5 2. g3 Nc6 3. Bg2 g6 4. Nc3 Bg7 5. Qa4 Nf6 6. b4 O-O 7. b5 Nd4 8. Ba3  Re8 9. e3 c6 10. d3 cxb5 11. cxb5 Nf5 12. Nge2 d5 13. O-O d4 14. exd4 exd4 15.  Ne4 Nxe4 16. dxe4 d3 17. Nf4 Nd4 18. Rab1 Bd7 19. Qc4 Qa5 20. Bb4 Qxb5 21. Qxd3  a5 22. Bd6 Qxd3 23. Nxd3 Bb5 24. Rfd1 Ne2+ 25. Kf1 Nc3 26. Rxb5 Nxb5 27. e5  Rad8 28. Nc5 Bxe5 29. Nxb7 Nxd6 30. Nxd8 Rxd8 31. Rd5 Bc3 1-0

[Event "Philadelphia NCC"]
[Site "Philadelphia"]
[Date "2001.11.25"]
[Round "5"]
[White "Tate, Emory"]
[Black "Lewis, Alex"]
[Result "0-1"]
[WhiteElo "2377"]
[BlackElo "2150"]

1. e4 c5 2. Nf3 d6 3. d4 cxd4 4. Nxd4 Nf6 5. Nc3 g6 6. Bg5 Bg7 7. Bb5+ Bd7 8.  Qe2 O-O 9. O-O-O a6 10. Bxd7 Nbxd7 11. f4 Rc8 12. Rd3 Nc5 13. Rd2 Qa5 14. Bxf6  Bxf6 15. Kb1 e6 16. h4 Na4 17. Nxa4 Qxa4 18. Nb3 Rc4 19. e5 dxe5 20. fxe5 Re4  21. Qf3 Bxe5 22. Nc5 Qb5 23. c3 Rf4 24. Qe3 Rf1+ 25. Rd1 Rxh1 26. Rxh1 Bxc3 27.  Qxc3 Rc8 28. Rd1 b6 29. Nxe6 Qf5+ 30. Qd3 Qxe6 31. Qxa6 Qe4+ 32. Ka1 Qc2 33.  Qf1 b5 34. a3 b4 35. Rd7 Qb3 36. Rd3 Qc2 37. axb4 Ra8+ 38. Ra3 Rd8 39. Qf6 Qc1+  0-1

[Event "Portsmouth Millennium op"]
[Site "Portsmouth"]
[Date "2000.03.05"]
[Round "4"]
[White "Tate, Emory"]
[Black "Shabalov, Alexander"]
[Result "0-1"]
[WhiteElo "2309"]
[BlackElo "2592"]

1. e4 c5 2. Nf3 Nc6 3. Bb5 e6 4. b3 Nge7 5. Bb2 Ng6 6. O-O f6 7. d4 cxd4 8.  Nxd4 Bc5 9. Kh1 O-O 10. c3 a6 11. Bxc6 dxc6 12. b4 Ba7 13. Qb3 Kh8 14. Rd1 Qe8  15. Qc2 e5 16. Nf5 Nf4 17. f3 Be6 18. Na3 g6 19. Ng3 c5 20. Rd6 c4 21. Rf1 Nd3  22. Ba1 Qe7 23. Rxd3 cxd3 24. Qxd3 Rad8 25. Qe2 Qd7 26. Nc4 Qb5 27. Nb2 Qxe2  28. Nxe2 0-1

[Event "Vernon op"]
[Site "Mt Vernon"]
[Date "2000.06.18"]
[Round "6"]
[White "Tate, Emory"]
[Black "Kaufman, Larry C"]
[Result "1-0"]
[WhiteElo "2309"]
[BlackElo "2419"]

1. e4 e6 2. Nf3 d5 3. Nc3 Nf6 4. e5 Nfd7 5. Ne2 c5 6. d4 Nc6 7. c3 Be7 8. Nf4  cxd4 9. cxd4 Qb6 10. Be2 g5 11. Nh5 g4 12. Ng7+ Kf8 13. Bh6 Kg8 14. Nh5 gxf3  15. gxf3 Nf8 16. Rg1+ Ng6 17. Rg4 Bd7 18. Kf1 Nd8 19. Qd2 Bb5 20. Re1 f5 21.  exf6 Bb4 22. f7+ Kxf7 23. Rf4+ Nxf4 24. Qxf4+ Ke7 25. Qf6+ Kd7 26. Qg7+ Kc8 27.  Rc1+ Kb8 28. Bxb5 Qxb5+ 29. Kg2 a5 30. Qxh8 Ka7 31. Qxh7 Nc6 32. Be3 Rf8 33.  Nf4 e5 34. Ne6 exd4 35. Nxd4 Nxd4 36. Bxd4+ Ka8 37. Qc7 Qe8 38. Qb6 Rg8+ 39.  Kh1 Qb8 40. a3 1-0

[Event "Antwerp Chess Event"]
[Site "Deurne"]
[Date "2000.08.21"]
[Round "3"]
[White "Tate, Emory"]
[Black "Hajenius, Willem"]
[Result "1-0"]
[WhiteElo "2339"]
[BlackElo "2048"]

1. e4 c5 2. Nf3 Nf6 3. Nc3 Nc6 4. d4 d5 5. exd5 Nxd5 6. Nxd5 Qxd5 7. Be3 cxd4  8. Nxd4 a6 9. Be2 e5 10. Nxc6 Qxc6 11. O-O Be7 12. f4 e4 13. f5 O-O 14. Bg4 Rd8  15. Qe2 b5 16. Rac1 Bf6 17. c4 Rd3 18. cxb5 Qxb5 19. b3 Bb7 20. Rc7 Rad8 21.  Rfc1 R8d7 22. R7c5 Rxe3 23. Rxb5 Rxe2 24. Rxb7 Red2 25. Rxd7 Rxd7 26. Rc8+ Bd8  27. Kf2 f6 28. Ke3 Kf7 29. Kxe4 Bb6 30. Rc6 Bg1 31. Rxa6 Rd2 32. Kf3 g6 33.  fxg6+ hxg6 34. Be6+ Ke7 35. Bc4 Bxh2 36. Re6+ Kd7 37. Rxf6 g5 38. a4 Bd6 39. g3  Bxg3 1-0

[Event "Antwerp Chess Event"]
[Site "Deurne"]
[Date "2000.08.25"]
[Round "6"]
[White "Tate, Emory"]
[Black "Abolianin, Arthur"]
[Result "1-0"]
[WhiteElo "2339"]
[BlackElo "2384"]

1. e4 c5 2. Nc3 Nc6 3. f4 g6 4. Nf3 Bg7 5. Bb5 Nd4 6. Nxd4 cxd4 7. Ne2 e6 8. c3  a6 9. Bd3 dxc3 10. bxc3 Ne7 11. Bc2 d6 12. d4 Bd7 13. O-O Qc7 14. Ba3 Bb5 15.  Rf3 Bc4 16. e5 dxe5 17. fxe5 Bd5 18. Bd6 Qc6 19. Rg3 Nf5 20. Bxf5 exf5 21. Nf4  Rc8 22. Nxd5 Qxd5 23. Qa4+ Kd8 24. Rb1 Bf8 25. Bxf8 Rxf8 26. Qb4 Kc7 27. Rd3  Kb8 28. c4 Qd7 29. d5 Rfe8 30. Rdb3 Ka8 31. Qc3 b5 32. c5 Qxd5 33. Rxb5 Rxe5  34. Ra5 Re6 35. Qb4 Rd8 36. Ra4 Qc6 37. Qa5 Rd5 38. Rab4 Re7 39. Kh1 Rxc5 40.  Qd8+ Qc8 41. Rb8+ 1-0

[Event "Virginia op"]
[Site "Fredericksburg"]
[Date "1999.01.23"]
[Round "3"]
[White "Tate, Emory"]
[Black "Negulescu, Adrian"]
[Result "0-1"]
[WhiteElo "2390"]
[BlackElo "2465"]

1. e4 c6 2. Nc3 d5 3. Nf3 g6 4. d4 Bg7 5. Be3 Bg4 6. Qd2 dxe4 7. Ng5 Nf6 8. Bc4  O-O 9. h3 Bc8 10. h4 Bf5 11. h5 gxh5 12. Rh4 e6 13. g3 Qa5 14. O-O-O Nbd7 15.  Bb3 Rad8 16. Rdh1 Nc5 17. Bc4 b5 18. Ncxe4 Qxd2+ 19. Nxd2 bxc4 20. dxc5 c3 21.  bxc3 Ng4 22. Rxh5 Nxe3 23. fxe3 Bxc3 24. Nb1 Bg7 25. Nxh7 Rfe8 26. g4 Bg6 27.  R5h3 Rd5 28. g5 Be4 29. R1h2 Bxh7 30. Rxh7 Rxg5 31. c3 Rxc5 32. R2h5 Rxh5 33.  Rxh5 f5 34. Rh4 Rd8 35. Kc2 Rd5 36. Nd2 Rc5 37. Rc4 Bf8 38. Ra4 Re5 39. Nc4 Re4  40. Kd3 Bc5 41. Ra6 Kf7 42. Rxc6 Be7 43. Nd6+ Bxd6 44. Rxd6 Ra4 45. Rd7+ Kf6  46. c4 Rxa2 47. c5 Ra3+ 48. Kd4 e5+ 49. Kd5 Rd3+ 50. Kc6 Rxe3 51. Rd6+ Kg5 52.  Rd5 f4 53. Kb7 f3 54. c6 f2 55. c7 Rb3+ 56. Ka8 Rc3 57. Rxe5+ Kg4 58. Re4+ Kf3  59. Re7 f1=Q 0-1

[Event "US Amateur Team East"]
[Site "Parsippany"]
[Date "1999.02.15"]
[Round "5"]
[White "Tate, Emory"]
[Black "Belakovskaia, Anjelina"]
[Result "1-0"]
[WhiteElo "2345"]
[BlackElo "2286"]

1. e4 c6 2. Nc3 d5 3. Nf3 dxe4 4. Nxe4 Bf5 5. Ng3 Bg6 6. h4 h6 7. Ne5 Qd6 8.  Nxg6 Qxg6 9. d4 Nd7 10. Bf4 Ngf6 11. Bd3 Qg4 12. Qd2 Nd5 13. Be3 Nxe3 14. Qxe3  e5 15. c3 O-O-O 16. Bf5 Qf4 17. Qxf4 exf4 18. Nh5 f3 19. gxf3 g6 20. Bxd7+ Rxd7  21. Nf6 Re7+ 22. Kd2 Bg7 23. Ne4 h5 24. Rae1 Kc7 25. Ng5 Rd7 26. Kc2 Kd8 27.  Re4 Bh6 28. f4 Re8 29. f3 Bxg5 30. fxg5 f6 31. gxf6 Rf8 32. Re6 Rdf7 33. Rg1  Rxf6 34. Rxg6 Rxf3 35. Rg7 R3f7 36. Rxf7 Rxf7 37. Rh6 Rf5 38. Rh7 Kc8 39. Kd3  Rf2 40. b4 Rxa2 41. Rxh5 Kc7 42. Rh8 a5 43. bxa5 Rxa5 44. Rh7+ Kb6 45. h5 Ra1  46. Re7 Rh1 47. Re5 Kc7 48. Ke4 Kd6 49. Kf4 b6 50. Kg5 c5 51. h6 cxd4 52. cxd4  1-0

[Event "Foxwoods op"]
[Site "Mashantucket"]
[Date "1999.04.03"]
[Round "5"]
[White "Tate, Emory"]
[Black "Rajlich, Vasik G"]
[Result "1-0"]
[WhiteElo "2345"]
[BlackElo "2270"]

1. e4 e5 2. Nf3 Nc6 3. Bb5 a6 4. Bxc6 dxc6 5. b3 c5 6. d3 Ne7 7. Nxe5 Qd4 8.  Nc4 Qxa1 9. Bb2 Qxa2 10. Nc3 Qxb2 11. Nxb2 g6 12. O-O Bg7 13. e5 Bxe5 14. Qe1  Bd6 15. Ne4 Be6 16. Na4 O-O-O 17. Naxc5 Bxc5 18. Nxc5 Nf5 19. Nxe6 Rde8 20. Qc3  fxe6 21. b4 e5 22. Qc5 Kb8 23. Re1 Nd4 24. c3 Ne6 25. Qc4 Nf4 26. g3 Nh5 27. b5  a5 28. Qf7 b6 29. c4 h6 30. c5 Rhf8 31. Qd7 Rd8 32. Qh7 bxc5 33. Qxg6 Nf4 34.  Qa6 Nxd3 35. b6 cxb6 36. Qxb6+ Kc8 37. Qc6+ Kb8 38. Rb1+ Nb4 39. Qb5+ Kc7 40.  Qxc5+ Nc6 41. Qb6+ Kd6 42. Rd1+ Ke7 43. Qc7+ 1-0

[Event "National Chess Congress op"]
[Site "Philadelphia"]
[Date "1999.11.28"]
[Round "6"]
[White "Tate, Emory"]
[Black "Strenzwilk, Denis"]
[Result "1-0"]
[WhiteElo "2329"]
[BlackElo "2167"]

1. c4 d6 2. g3 e5 3. Bg2 f5 4. d4 exd4 5. Nf3 Nf6 6. Nxd4 Be7 7. a4 c6 8. a5  O-O 9. a6 d5 10. axb7 Bxb7 11. Ne6 Qb6 12. Nxf8 Bxf8 13. cxd5 cxd5 14. O-O Nbd7  15. Nc3 Qc6 16. Ra5 Nb6 17. Qb3 Qc4 18. Qxc4 Nxc4 19. Rb5 Nb6 20. Be3 Bc6 21.  Ra5 Nc4 22. Rxa7 Nxe3 23. Rxa8 Nxf1 24. Ra6 Bb7 25. Rb6 Nxg3 26. hxg3 Ba8 27.  Nb5 Nd7 28. Ra6 Bb7 29. Ra7 Bc6 30. Nd4 1-0

[Event "Washington Eastern op"]
[Site "Washington"]
[Date "1999.12.29"]
[Round "7"]
[White "Tate, Emory"]
[Black "Gersov, Evgeny"]
[Result "0-1"]
[WhiteElo "2329"]
[BlackElo "2256"]

1. e4 c6 2. c4 d5 3. cxd5 cxd5 4. exd5 Nf6 5. Qa4+ Nbd7 6. Nc3 g6 7. Bc4 Bg7 8.  d3 O-O 9. Nge2 a6 10. Qa3 Ne5 11. Bf4 Nh5 12. Bxe5 Bxe5 13. d4 Bd6 14. Qb3 b5  15. Bd3 Nf6 16. a4 b4 17. Ne4 Bb7 18. Nxf6+ exf6 19. h4 Rc8 20. h5 f5 21. hxg6  fxg6 22. Bc4 Re8 23. Qd3 Qe7 24. b3 Kh8 25. a5 Qg5 26. O-O Re4 27. Bxa6 Bxd5  28. Ng3 Rc3 29. Qb5 Rxg3 30. fxg3 Qxg3 31. Qxd5 Qh2+ 32. Kf2 Qh4+ 0-1

[Event "Champions op"]
[Site "USA"]
[Date "1998.??.??"]
[Round "?"]
[White "Tate, Emory"]
[Black "Bonin, Jay R"]
[Result "0-1"]
[WhiteElo "2385"]
[BlackElo "2390"]

1. e4 e6 2. Nf3 d5 3. Nc3 Nf6 4. e5 Nfd7 5. Ne2 c5 6. c3 Nc6 7. d4 cxd4 8. cxd4  Bb4+ 9. Nc3 f6 10. exf6 Qxf6 11. Bb5 e5 12. O-O Bxc3 13. bxc3 O-O 14. Qb3 Nb6  15. dxe5 Qg6 16. Ne1 Nxe5 17. Ba3 Rf4 18. Rd1 Bg4 19. Rd4 Rxd4 20. cxd4 Nec4  21. f3 Bf5 22. Rf2 a6 23. Bxc4 dxc4 24. Qb4 Qe6 25. Bc1 Re8 26. Rf1 Qc6 27. Kf2  Nd5 28. Qc5 Qxc5 29. dxc5 Nc3 30. g4 Re2+ 31. Kg3 Rxa2 32. Bg5 Ne2+ 33. Kh4 Bg6  34. Ng2 h6 35. Be3 Bd3 36. Re1 a5 37. g5 hxg5+ 38. Kxg5 a4 39. Nf4 Nxf4 40.  Bxf4 Rg2+ 41. Kh4 a3 42. Kh3 Re2 43. Rxe2 Bxe2 44. Bc1 a2 45. Bb2 Kf7 46. Kg3  Ke6 47. Bxg7 Kd5 48. h4 Kxc5 49. h5 Kb4 50. h6 Bd3 0-1

[Event "Champions op"]
[Site "USA"]
[Date "1998.??.??"]
[Round "?"]
[White "Tate, Emory"]
[Black "Vigorito, David"]
[Result "0-1"]
[WhiteElo "2385"]
[BlackElo "2385"]

1. e4 c5 2. Nf3 Nc6 3. Nc3 g6 4. d4 cxd4 5. Nxd4 Bg7 6. Be3 Nf6 7. Bc4 O-O 8.  Bb3 d6 9. f3 Bd7 10. Qe2 Na5 11. h4 a6 12. Qf2 Nxb3 13. axb3 b5 14. h5 e5 15.  Nde2 b4 16. h6 Bh8 17. Na4 d5 18. Bc5 Re8 19. Nb6 Rb8 20. exd5 e4 21. Nc4 exf3  22. gxf3 Rb5 23. Rh2 Nxd5 24. Nd6 Re6 25. Rxa6 Nf4 26. Nxb5 Rxa6 27. Nd6 Ne6  28. Qe3 Qb8 29. Nf5 Nxc5 30. Ne7+ Kf8 31. Qxc5 Qd6 0-1

[Event "Virginia op"]
[Site "Fredericksburg"]
[Date "1998.01.18"]
[Round "4"]
[White "Tate, Emory"]
[Black "Shibut, Macon A"]
[Result "1-0"]
[WhiteElo "2405"]
[BlackElo "2240"]

1. e4 c5 2. Nf3 Nc6 3. Bb5 e6 4. O-O d5 5. exd5 exd5 6. Re1+ Be7 7. b4 cxb4 8.  a3 Nf6 9. Ne5 Bd7 10. Nxd7 Qxd7 11. axb4 O-O 12. c3 Rfe8 13. Bf1 Bd6 14. Rxe8+  Rxe8 15. d4 Qg4 16. Qxg4 Nxg4 17. g3 a6 18. f3 Ne3 19. Bxe3 Rxe3 20. Kf2 Re7  21. f4 Rc7 22. Bg2 Ne7 23. Ke2 Kf8 24. Kd3 Ke8 25. Nd2 Kd7 26. Nf1 Kc6 27. Ne3  Rd7 28. Ra5 Bb8 29. Rc5+ Kd6 30. Bxd5 b6 31. Nc4# 1-0

[Event "World op"]
[Site "Philadelphia"]
[Date "1998.06.27"]
[Round "1"]
[White "Tate, Emory"]
[Black "Casella, Michael"]
[Result "0-1"]
[WhiteElo "2385"]
[BlackElo "2345"]

1. e4 c5 2. Nf3 Nc6 3. d4 cxd4 4. Nxd4 Nf6 5. Nc3 e5 6. Ndb5 d6 7. Bg5 a6 8.  Na3 b5 9. Bxf6 gxf6 10. Nd5 f5 11. g4 fxe4 12. c3 Be6 13. Nc2 Bg7 14. a4 bxa4  15. Rxa4 O-O 16. Nce3 Ne7 17. Bc4 a5 18. Rg1 Nxd5 19. Bxd5 Rb8 20. b3 Qb6 21.  b4 axb4 22. Rxb4 Qa5 23. Qb1 Rbc8 24. Bxe4 Rxc3 25. Bxh7+ Kh8 26. Kf1 Rfc8 27.  Kg2 Qa8+ 28. Be4 d5 29. Bc2 e4 30. Kh1 Qc6 31. Ba4 Qd6 32. Nf5 Qf4 33. Qf1 Be5  34. Rg3 Rc1 35. Bd1 Rxd1 36. Rh3+ Kg8 37. Qxd1 Rc1 38. Qxc1 Qxc1+ 39. Kg2 Bxf5  40. gxf5 Qg5+ 0-1

[Event "World op"]
[Site "Philadelphia"]
[Date "1998.06.29"]
[Round "3"]
[White "Tate, Emory"]
[Black "Kaufman, Larry C"]
[Result "1-0"]
[WhiteElo "2385"]
[BlackElo "2410"]

1. d4 d5 2. c4 c6 3. Nf3 Nf6 4. Nc3 e6 5. Qd3 dxc4 6. Qxc4 b5 7. Qb3 Nbd7 8.  Bg5 Be7 9. e3 a6 10. Rd1 c5 11. Be2 Bb7 12. O-O O-O 13. a4 b4 14. dxc5 Bxf3 15.  Bxf3 bxc3 16. Bxf6 Rb8 17. Bxe7 Qxe7 18. Qxc3 Nxc5 19. Rd4 Rb3 20. Qc1 e5 21.  Rc4 Ne6 22. Qc2 Rbb8 23. Bd5 Rfd8 24. Rd1 a5 25. Rc6 Nd4 26. exd4 Rxd5 27. dxe5  Rxd1+ 28. Qxd1 Qxe5 29. Rb6 Re8 30. g3 g6 31. Rb5 Qe1+ 32. Qxe1 Rxe1+ 33. Kg2  Re2 34. Kf3 Rc2 35. g4 h6 36. h4 Kg7 37. g5 Rc4 38. gxh6+ Kxh6 39. b3 Rxh4 40.  Ke3 Rh3+ 41. f3 g5 1-0

[Event "Eastern op"]
[Site "Washington DC"]
[Date "1998.12.27"]
[Round "3"]
[White "Tate, Emory"]
[Black "Hoekstra, Matthew"]
[Result "1/2-1/2"]
[WhiteElo "2390"]
[BlackElo "2125"]

1. e4 c5 2. b3 Nc6 3. Bb2 e5 4. f4 d6 5. Bb5 Bd7 6. Qf3 Nd4 7. Bxd4 exd4 8.  Bxd7+ Qxd7 9. Ne2 Nf6 10. O-O O-O-O 11. c3 dxc3 12. Nbxc3 d5 13. e5 Ne4 14.  Nxe4 dxe4 15. Qxe4 Qxd2 16. Rac1 Qd3 17. Qc4 Qxc4 18. bxc4 Rd2 19. Nc3 Be7 20.  Nd5 Bd8 21. Rf2 Rd4 22. g3 Re8 23. Re2 g6 24. Rcc2 Re6 25. Kf2 Ra6 26. Red2  Rxd2+ 27. Rxd2 Ra4 28. Ne3 Ba5 29. Rc2 h5 30. Kf3 Kd7 31. Ke4 Ra3 32. h3 Bc3  33. Rg2 Bd4 34. Nc2 Rxa2 35. Kd5 a5 36. Re2 Bg1 37. Rg2 Bd4 38. Re2 Bg1 39. Rg2  1/2-1/2

[Event "Eastern op"]
[Site "Washington DC"]
[Date "1998.12.28"]
[Round "5"]
[White "Tate, Emory"]
[Black "Kriventsov, Stanislav G"]
[Result "1-0"]
[WhiteElo "2390"]
[BlackElo "2305"]

1. e4 c5 2. Nf3 e6 3. d4 cxd4 4. Nxd4 a6 5. f4 Bc5 6. Nb3 Ba7 7. Qf3 Qc7 8. Qg3  Qxc2 9. Be2 Bd4 10. Na3 Qxe4 11. Nc4 Ke7 12. Nxd4 Qxd4 13. Be3 Qf6 14. Bc5+ d6  15. Nxd6 Kd8 16. O-O-O Nd7 17. Bd4 e5 18. Bxe5 Nxe5 19. Ne4+ Nd7 20. Nxf6 Ngxf6  21. Qxg7 Re8 22. Qxf6+ 1-0

[Event "Eastern op"]
[Site "Washington DC"]
[Date "1998.12.29"]
[Round "7"]
[White "Tate, Emory"]
[Black "Bengtson, Matthew"]
[Result "1-0"]
[WhiteElo "2390"]
[BlackElo "2275"]

1. e4 c5 2. Nf3 e6 3. d4 cxd4 4. Nxd4 a6 5. f4 Qc7 6. Qf3 Nc6 7. Nb3 d6 8. Nc3  b5 9. Bd3 Nf6 10. g4 h6 11. Be3 Bb7 12. O-O-O Be7 13. Rhg1 O-O-O 14. h4 Kb8 15.  Kb1 Rc8 16. Qf2 Nd7 17. g5 hxg5 18. hxg5 g6 19. Rg3 Na5 20. Bxb5 axb5 21. Nxb5  Qd8 22. Bd2 Nc6 23. Ba5 Qf8 24. Bc3 e5 25. f5 f6 26. fxg6 fxg5 27. Rf3 Qe8 28.  Rf7 Rh4 29. Bb4 Nc5 30. Nxc5 dxc5 31. Bxc5 Rf4 32. Bd6+ Bxd6 33. Rxb7+ Kxb7 34.  Nxd6+ Ka8 35. Qe2 Qd7 36. Nxc8 Qxc8 37. Qc4 Rf6 38. g7 Rg6 39. Qf7 Nb4 40. Qf8  1-0

[Event "New York op"]
[Site "New York"]
[Date "1997.??.??"]
[Round "8"]
[White "Tate, Emory"]
[Black "Vaganian, Rafael A"]
[Result "0-1"]
[WhiteElo "2395"]
[BlackElo "2580"]

1. e4 e6 2. Nf3 d5 3. Nc3 Nf6 4. e5 Nfd7 5. d4 c5 6. Ne2 Nc6 7. c3 b5 8. Nf4  Qb6 9. Bd3 cxd4 10. cxd4 Nxd4 11. Nxd4 Bb4+ 12. Kf1 Qxd4 13. Nxe6 Qxe5 14. Ng5  a6 15. Bd2 Be7 16. Qc2 Bxg5 17. Re1 Bxd2 18. Qxd2 O-O 19. Rxe5 Nxe5 20. Bb1 Rd8  21. Qe2 Re8 22. Qd1 Ra7 23. b4 d4 24. h3 Rae7 25. f4 Ng6 26. f5 Nf4 27. Kf2 d3  28. Kg3 Re3+ 29. Kh2 Re2 30. Rf1 Rxg2+ 31. Kh1 Bb7 0-1

[Event "Chicago op"]
[Site "Chicago"]
[Date "1997.??.??"]
[Round "1"]
[White "Tate, Emory"]
[Black "Schiller, Eric"]
[Result "0-1"]
[WhiteElo "2395"]
[BlackElo "2210"]

1. e4 e5 2. Nf3 d6 3. d4 exd4 4. Qxd4 a6 5. Bg5 Nf6 6. Nc3 Be7 7. O-O-O Nc6 8.  Qd2 Be6 9. Kb1 O-O 10. Qe1 Nd7 11. h4 Bf6 12. Be2 Re8 13. Nd2 b5 14. f4 b4 15.  Na4 Nd4 16. g4 c5 17. b3 Bd5 18. Qf1 Bc6 19. Nc4 Bxe4 20. Bd3 Bxh1 21. Qxh1 Nb5  22. Bf5 Nf8 23. Ncb6 h6 24. Nxa8 Na3+ 25. Kc1 hxg5 26. N8b6 gxf4 27. Nd5 Bd4  28. Bd3 f3 29. g5 f2 30. Qf1 Re5 31. Nf4 Be3+ 32. Kb2 Bxf4 33. Qxf2 Be3 34. Qf3  Qe7 35. Nb6 Rxg5 36. c3 Re5 37. Nc8 Qxh4 38. Rc1 bxc3+ 39. Ka1 Bf4 40. Bb1 0-1

[Event "Chicago op"]
[Site "Chicago"]
[Date "1997.??.??"]
[Round "6"]
[White "Tate, Emory"]
[Black "Schwartzman, Gabriel"]
[Result "0-1"]
[WhiteElo "2395"]
[BlackElo "2510"]

1. e4 e6 2. d4 d5 3. Nc3 Nf6 4. e5 Nfd7 5. Nce2 c5 6. c3 Nc6 7. Nf3 b5 8. Nf4  c4 9. h4 h6 10. Qc2 Nb6 11. Be2 Bd7 12. Bd1 Qc7 13. Qe2 a5 14. g4 O-O-O 15. g5  Be7 16. gxh6 gxh6 17. Nh5 Rdg8 18. Bc2 b4 19. Bf4 a4 20. a3 bxc3 21. bxc3 Na7  22. Qe3 Nb5 23. Nf6 Bxa3 24. Ra2 Rd8 25. Bxh6 Qa7 26. Bg7 Qa5 27. Nxd7 Kxd7 28.  Bxh8 Rxh8 29. Ng1 Be7 30. Ne2 a3 31. Qf3 Na4 32. Bxa4 Qxa4 33. Kd2 Qb3 34. Nc1  Qb1 35. Rc2 Ke8 36. Qg2 Bf8 37. f4 Bh6 38. Ne2 a2 39. Qf1 Nxc3 40. Qxb1 Nxb1+  41. Ke3 a1=Q 42. Rcc1 Qb2 43. Rxb1 Bxf4+ 44. Kf3 Qd2 45. Nxf4 Qc3+ 46. Ke2 Qc2+  0-1

[Event "Budapest FS12 GM"]
[Site "Budapest"]
[Date "1997.??.??"]
[Round "2"]
[White "Tate, Emory"]
[Black "Lugovoi, Aleksei"]
[Result "0-1"]
[WhiteElo "2405"]
[BlackElo "2520"]

1. e4 c5 2. Nf3 d6 3. d4 cxd4 4. Nxd4 Nf6 5. Nc3 Nc6 6. Bc4 Qb6 7. Ndb5 a6 8.  Be3 Qa5 9. Nd4 Ng4 10. O-O Nce5 11. Nb3 Qd8 12. Qd4 Nxe3 13. fxe3 e6 14. a4 b6  15. Rfd1 Be7 16. a5 b5 17. Be2 O-O 18. Na2 Bb7 19. c3 Qc7 20. Kh1 f5 21. exf5  Rxf5 22. Qb6 Qc8 23. Rf1 Rg5 24. Rf2 Bd5 25. Nd2 Nc6 26. e4 Bxa2 27. Rxa2 Rc5  28. e5 Bd8 29. exd6 Bxb6 30. axb6 Qb7 31. Ne4 Re5 32. Bf3 Qxb6 33. b4 Rd8 34.  h3 a5 35. Rad2 axb4 36. cxb4 Nxb4 37. d7 Nd5 38. Rfe2 Rxd7 39. Bg4 Rf7 40. Ng5  0-1